| 000 | 01234nam a2200217Ia 4500 | ||
|---|---|---|---|
| 003 | Ost | ||
| 005 | 20260507075111.0 | ||
| 008 | 260507s9999||||xx |||||||||||||| ||und|| | ||
| 020 | _a9772701279 | ||
| 040 | _cfsecg | ||
| 041 | _aara | ||
| 082 | _a330 | ||
| 100 |
_aالشوربجي، مجدى _eمؤلف |
||
| 245 | 0 |
_aالاقتصاد القياسي : _bالنظرية والتطبيق / _c مجدى الشوربجي |
|
| 260 |
_aالقاهرة: _bالدار المصرية اللبنانية, _c1994 |
||
| 300 |
_a322 صفحة؛ _bإيضاحات ؛ _c23 سم |
||
| 504 | _aالملاحق: ص.313؛ببليوغرافيا:ص.321-322 | ||
| 520 | _aتقدير نماذج الانحدار،نموذج الانحدار البسيط،نموذج الانحدار المتعدد،النماذج الديناميكية،نماذج المعادلات الآنية،مشاكل تقدير نماذج الانحدار،عدم ثبات تباين حد الخطأ،الازدواج الخطي،تقييم نماذج الانحدار المقدرة والتنبؤ،استخدام نماذج الانحدار المقدرة في التنبؤ،الجداول الاحصائية | ||
| 653 | _aالإقتصاد القياسي | ||
| 942 | _cكتاب | ||
| 999 |
_c42909 _d42909 |
||